000 00404nam a2200181Ia 4500
001 13768
005 20260306164825.0
008 260306t2012||||xx |||||||||||||| ||spa||
041 _aESP
082 _a005.133J
_bC15
100 _aCadenhead, Rogers
_eAUT
245 0 _aJava 7
260 _c2012
300 _a415 páginas :
_c22 cm.
650 _aGEN
654 _aCCC
942 _cLIB
_dJUS
_fJUS
_2ddc
_n
999 _c13768
_d13768